|
|
|
|
| LEADER |
00000cam a2200000 i 4500 |
| 001 |
1/13892 |
| 008 |
980327s1985 gr | ||| |||| ||gre|| |
| 020 |
|
|
|a 9607183134
|
| 035 |
|
|
|l 10019212
|
| 040 |
|
|
|a GR-MY-UA
|b gre
|e aacr
|
| 041 |
0 |
|
|a gre
|
| 082 |
0 |
|
|a 781.65
|
| 100 |
1 |
|
|a Chilton, John
|d 1932-
|
| 245 |
1 |
0 |
|a Ιστορία της Τζαζ /
|c Τζών Τσίλτον ; μετάφραση: Άρις Γεωργίου ; επιμέλεια: Σάκης Παπαδημητρίου.
|
| 260 |
|
|
|a Αθήνα :
|b Υποδομή,
|c c1985.
|
| 300 |
|
|
|a 323 σ. ;
|b εικ.
|
| 500 |
|
|
|a Περιέχει βιβλιογραφία και ευρετήριο.
|
| 500 |
|
|
|a Μετάφραση του: Jazz: hodder and stoughton.
|
| 650 |
0 |
0 |
|a Jazz
|x History and criticism.
|
| 700 |
1 |
|
|a Γεωργίου, Άρις,
|d 1951-
|e trl
|
| 700 |
1 |
|
|a Παπαδημητρίου, Σάκης
|d 1940-
|e edt
|
| 852 |
|
|
|a INST
|b LESVOS
|c BK
|e 19980327
|h 781.65 CHI
|p 005100013430
|q 005100013430
|t BK
|y 0
|
| 901 |
|
|
|a BIBL-1998-2
|
| 909 |
|
|
|a Λ
|b 054148
|
| 922 |
|
|
|a 1ΕΛΗ
|b 199802
|c ΚΠΣ/ΤΚΑ
|d EMVASIS
|
| 950 |
|
|
|a 117-1998-01-28
|